Advanced data mining and applications: 9th international conference, ADMA 2013 Hangzhou, China, December 14-16, 2013 Proceedings, Part II (Record no. 213320)
[ view plain ]
| 000 -LEADER | |
|---|---|
| fixed length control field | 00736 a2200169 4500 |
| 003 - CONTROL NUMBER IDENTIFIER | |
| control field | Nust |
| 005 - DATE AND TIME OF LATEST TRANSACTION | |
| control field | 20170207165831.0 |
| 020 ## - INTERNATIONAL STANDARD BOOK NUMBER | |
| International Standard Book Number | 9783642539176 |
| 040 ## - CATALOGING SOURCE | |
| Transcribing agency | Nust |
| 082 ## - DEWEY DECIMAL CLASSIFICATION NUMBER | |
| Classification number | 005.133 |
| 100 ## - MAIN ENTRY--PERSONAL NAME | |
| Personal name | Motoda, Hiroshi |
| 245 ## - TITLE STATEMENT | |
| Title | Advanced data mining and applications: 9th international conference, ADMA 2013 Hangzhou, China, December 14-16, 2013 Proceedings, Part II |
| Statement of responsibility, etc. | Hiroshi Motoda, Zhaohui Wu, Longbing Cao. |
| 260 ## - PUBLICATION, DISTRIBUTION, ETC. | |
| Place of publication, distribution, etc. | New York |
| Name of publisher, distributor, etc. | Springer |
| Date of publication, distribution, etc. | 2013 |
| 300 ## - PHYSICAL DESCRIPTION | |
| Extent | 556 p. |
| 505 ## - FORMATTED CONTENTS NOTE | |
| Formatted contents note | Semi-supervised Clustering Ensemble Evolved by Genetic Algorithm for Web Video Categorization (1), A Scalable Approach for General Correlation Clustering (13) Association Rule Mining (95) Pattern Mining (120) Regression (133) |
| 650 ## - SUBJECT ADDED ENTRY--TOPICAL TERM | |
| Topical term or geographic name entry element | Data mining |
| 942 ## - ADDED ENTRY ELEMENTS (KOHA) | |
| Source of classification or shelving scheme | |
| Koha item type | Book |
| Withdrawn status | Lost status | Source of classification or shelving scheme | Damaged status | Not for loan | Collection code | Permanent Location | Current Location | Date acquired | Total Checkouts | Full call number | Barcode | Date last seen | Price effective from | Koha item type |
|---|---|---|---|---|---|---|---|---|---|---|---|---|---|---|
| Military College of Signals (MCS) | Military College of Signals (MCS) | 12/12/2016 | 005.133 MOT | MCSEB-3325 | 12/08/2016 | 12/12/2016 | Book |
